[Event "Reykjavik op"]
[Site "Reykjavik"]
[Date "2024.03.20"]
[Round "8"]
[White "Hu, Zhening"]
[Black "He, Junchen"]
[Result "0-1"]
[WhiteElo "1776"]
[BlackElo "1956"]
[PlyCount "84"]
[EventDate "2024.03.15"]
[EventType "swiss"]
[EventRounds "9"]
[EventCountry "ISL"]
[SourceTitle "CB13_2024"]
[SourceDate "2024.03.27"]
[SourceVersion "1"]
[SourceVersionDate "2024.03.27"]
[SourceQuality "1"]

1. d4 Nf6 2. c4 c5 3. d5 b5 4. cxb5 a6 5. bxa6 g6 6. Nc3 Bg7 7. e4 0-0 8. Nf3 Qa5 9. Nd2 Bxa6 10. Bxa6 Qxa6 11. Qe2 d6 12. Qxa6 Nxa6 13. Nc4 Rfb8 14. a3 Nb4 15. 0-0 Nd3 16. Rd1 Nxc1 17. Raxc1 Ng4 18. Rd2 Bh6 19. Rcc2 Bxd2 20. Rxd2 Rb3 21. f3 Nf6 22. Kf2 Nd7 23. Nd1 Ra4 24. Rc2 f5 25. Nde3 f4 26. Nf1 Rxc4 27. Rxc4 Rxb2+ 28. Kg1 Ne5 29. Rc3 g5 30. Rc1 c4 31. a4 Ra2 32. a5 Kf7 33. a6 Ke8 34. h3 Rxa6 35. Nd2 Ra4 36. Rc2 Kd7 37. Kf2 Kc7 38. Nb3 Kb6 39. Nd4 Kc5 40. Ne6+ Kb4 41. Ke2 c3 42. Kd1 Nc4 0-1